[Event "Tczew-ch UKS Centrum"]
[Site "Tczew"]
[Date "2008.04.29"]
[Round "7"]
[White "Kwasniewski, Jerzy"]
[Black "Herold, Henryk"]
[Result "1-0"]
[WhiteElo "1865"]
[BlackElo "1452"]
[PlyCount "141"]
[EventDate "2008.04.01"]
[EventType "tourn"]
[EventRounds "9"]
[EventCountry "POL"]
[SourceTitle "EXT 2023"]
[Source "ChessBase"]
[SourceDate "2022.10.05"]
[SourceVersion "1"]
[SourceVersionDate "2022.10.05"]
[SourceQuality "1"]

1. c4 e5 2. Nc3 Nf6 3. d3 Bc5 4. Nf3 Nc6 5. g3 0-0 6. Bg2 Re8 7. 0-0 Nd4 8. e3 Nxf3+ 9. Bxf3 c6 10. d4 Bd6 11. b3 Bc7 12. d5 e4 13. d6 Ba5 14. Nxe4 Nxe4 15. Qd3 Nc5 16. Qf5 Bc3 17. Rb1 b6 18. b4 Nb7 19. Rd1 Qf6 20. Qxf6 Bxf6 21. b5 Na5 22. Bd2 Nxc4 23. bxc6 Nxd2 24. Rxd2 dxc6 25. Bxc6 Bf5 26. d7 Red8 27. e4 Bxe4 28. Bxe4 Rab8 29. Bc6 a6 30. Re2 g6 31. Kg2 Kg7 32. f4 b5 33. g4 Rb6 34. Rc1 h6 35. Kg3 g5 36. fxg5 hxg5 37. Re8 Rbb8 38. Kf3 b4 39. Ba4 Bc3 40. Ke4 Kf6 41. Rf1+ Kg7 42. Rf5 Bf6 43. Rc5 b3 44. axb3 Rb4+ 45. Rc4 Rxa4 46. Rxa4 Rxd7 47. Rxa6 Rd4+ 48. Kf3 Rd3+ 49. Re3 Rd2 50. h3 Bd4 51. Re2 Rd1 52. Rd6 Rf1+ 53. Ke4 Rf4+ 54. Kd3 Bf6 55. Kc2 Rb4 56. Rc6 Rf4 57. Rc4 Rf3 58. b4 Rxh3 59. b5 Ra3 60. Rb4 Rc3+ 61. Kd2 Rc8 62. Re3 Rb8 63. b6 Rb7 64. Kd3 Bd8 65. Re5 f6 66. Reb5 Be7 67. Rd4 Kf7 68. Kc4 Ke6 69. Re4+ Kd6 70. Rd5+ Kc6 71. Re6+ 1-0

[Event "Tczew-ch playoff"]
[Site "Tczew"]
[Date "2007.12.05"]
[Round "11.2"]
[White "Kwasniewski, Jerzy"]
[Black "Les, Czeslaw"]
[Result "1-0"]
[WhiteElo "2000"]
[BlackElo "1905"]
[PlyCount "65"]
[EventDate "2007.10.02"]
[EventType "match"]
[EventRounds "2"]
[EventCountry "POL"]
[SourceTitle "EXT 2023"]
[Source "ChessBase"]
[SourceDate "2022.10.05"]
[SourceVersion "1"]
[SourceVersionDate "2022.10.05"]
[SourceQuality "1"]

1. c4 e5 2. Nc3 f5 3. d3 Nf6 4. Nf3 d6 5. g3 c6 6. Bg2 Be7 7. 0-0 0-0 8. b4 Na6 9. Rb1 Nc7 10. Qb3 h6 11. b5 Ne6 12. Ba3 c5 13. Bb2 e4 14. Nh4 Nd4 15. Qd1 Ng4 16. e3 Bxh4 17. exd4 cxd4 18. Nd5 e3 19. Bxd4 f4 20. Nxf4 Nxf2 21. Qf3 Rxf4 22. Qxf4 Bg5 23. Bd5+ Kh8 24. Qf7 Bf6 25. Bxf6 gxf6 26. Rbe1 Bh3 27. Rxe3 Ng4 28. Re7 Qg8 29. Qxg8+ Rxg8 30. Bxg8 Bxf1 31. Kxf1 Kxg8 32. h3 Ne5 33. Ke2 1-0

[Event "Tczew-ch"]
[Site "Tczew"]
[Date "2007.11.07"]
[Round "4.2"]
[White "Kwasniewski, Jerzy"]
[Black "Les, Czeslaw"]
[Result "1/2-1/2"]
[WhiteElo "2000"]
[BlackElo "1905"]
[PlyCount "96"]
[EventDate "2007.10.02"]
[EventType "swiss"]
[EventRounds "9"]
[EventCountry "POL"]
[SourceTitle "EXT 2023"]
[Source "ChessBase"]
[SourceDate "2022.10.05"]
[SourceVersion "1"]
[SourceVersionDate "2022.10.05"]
[SourceQuality "1"]

1. d4 d5 2. f4 Nf6 3. Nf3 c5 4. e3 Nc6 5. c3 e6 6. Bd3 Bd6 7. 0-0 0-0 8. Ne5 Ne4 9. Nd2 f5 10. Ndf3 cxd4 11. exd4 Nxe5 12. Nxe5 Bxe5 13. fxe5 Bd7 14. Qe1 Qe7 15. b3 Rf7 16. Bb2 Bc6 17. Rd1 g5 18. Qe2 g4 19. Rf4 Rg7 20. c4 g3 21. Bxe4 gxh2+ 22. Kxh2 fxe4 23. Rf6 dxc4 24. bxc4 Rd8 25. Qe3 Qb4 26. Qb3 Qe7 27. d5 Bd7 28. Ba3 Qe8 29. Rf8+ Qxf8 30. Bxf8 Rxf8 31. Qxb7 Ba4 32. Qb1 Bxd1 33. Qxd1 Rf2 34. Qg1 e3 35. Kh3 Rf5 36. g4 Rxe5 37. Qb1 Reg5 38. Qb8+ Kf7 39. Qxa7+ Kf8 40. Qc5+ Kf7 41. dxe6+ Kxe6 42. Qxe3+ Kd6 43. Qd4+ Kc6 44. a4 h5 45. c5 R7g6 46. Qb4 Rxg4 47. Qb5+ Kc7 48. c6 Rg3+ 1/2-1/2

[Event "POL-chT3 Pomorskie"]
[Site "Poland"]
[Date "2007.05.13"]
[Round "?"]
[White "Kwasniewski, Jerzy"]
[Black "Szarmach, Andrzej"]
[Result "1/2-1/2"]
[WhiteElo "2000"]
[BlackElo "1800"]
[PlyCount "58"]
[EventDate "2007.03.25"]
[EventType "team-tourn"]
[EventRounds "10"]
[EventCountry "POL"]
[SourceTitle "EXT 2019"]
[Source "ChessBase"]
[SourceDate "2018.10.10"]
[SourceVersion "1"]
[SourceVersionDate "2018.10.10"]
[SourceQuality "1"]

1. d4 d5 2. f4 Nf6 3. Nf3 Bf5 4. e3 e6 5. Bd3 Bxd3 6. Qxd3 Ne4 7. 0-0 Nd7 8. b3 Be7 9. Ba3 0-0 10. Bxe7 Qxe7 11. c4 Ndf6 12. Nbd2 a5 13. c5 b6 14. cxb6 cxb6 15. Ne5 Rac8 16. Nxe4 Nxe4 17. Qa6 f6 18. Nf3 Qb4 19. Rfc1 Rc3 20. Rxc3 Qxc3 21. Re1 Qc7 22. h3 Rc8 23. Kh2 g5 24. g3 gxf4 25. gxf4 Kh8 26. Rg1 Nd6 27. Nh4 Rg8 28. Rxg8+ Kxg8 29. Qe2 Ne4 1/2-1/2

[Event "POL-chT3 Pomorskie"]
[Site "Poland"]
[Date "2007.04.29"]
[Round "?"]
[White "Kwasniewski, Jerzy"]
[Black "Lukaszuk, Aron"]
[Result "1-0"]
[WhiteElo "2000"]
[BlackElo "1800"]
[PlyCount "143"]
[EventDate "2007.03.25"]
[EventType "team-tourn"]
[EventRounds "10"]
[EventCountry "POL"]
[SourceTitle "EXT 2019"]
[Source "ChessBase"]
[SourceDate "2018.10.10"]
[SourceVersion "1"]
[SourceVersionDate "2018.10.10"]
[SourceQuality "1"]

1. d4 d5 2. f4 Bf5 3. Nf3 e6 4. e3 c5 5. c3 Nf6 6. Bd3 Bg6 7. 0-0 Bd6 8. Ne5 Bxd3 9. Qxd3 c4 10. Qc2 Ne4 11. Nxc4 Be7 12. Ne5 Nd7 13. Nd2 Nxd2 14. Bxd2 0-0 15. a4 f5 16. Nxd7 Qxd7 17. a5 Rfc8 18. Qa4 Qc6 19. Qxc6 bxc6 20. b4 a6 21. Kf2 Rab8 22. Kf3 Kf7 23. g4 g6 24. Rh1 h6 25. Rhg1 Rb7 26. Rg2 Rg8 27. Ke2 Rbb8 28. Kd3 h5 29. gxh5 gxh5 30. Rag1 Rxg2 31. Rxg2 Rg8 32. Rxg8 Kxg8 33. c4 Kf7 34. c5 Bd8 35. Ke2 Kg6 36. Be1 Bc7 37. Bh4 Kf7 38. Kf3 Ke8 39. Kg3 Kf7 40. Bg5 Kg7 41. Kh4 Kg6 42. h3 Bb8 43. Bd8 Kh6 44. Kg3 Kg6 45. Kf3 Kf7 46. Kf2 Kg7 47. b5 axb5 48. Bb6 Kf7 49. a6 Ke8 50. a7 Bxa7 51. Bxa7 Kd7 52. Bb6 Ke7 53. Kg3 Kf7 54. Kf2 Kf6 55. Ke2 Ke7 56. Kd2 Kd7 57. Kc3 Kc8 58. Kb4 Kb7 59. Ka5 Kb8 60. Bd8 Kc8 61. Bh4 Kb7 62. Be1 Ka7 63. Kb4 Kb7 64. Kb3 Kb8 65. Ba5 Kb7 66. Bb6 Ka6 67. Kb4 Kb7 68. Ka5 Kb8 69. Ka6 Ka8 70. Ba5 Kb8 71. Kb6 Kc8 72. Kxc6 1-0